MARC

LEADER 00000nam0a2200000 4500
001 72876
005 20231031083925.0
035 |a (RuTPU)RU\TPU\book\77711 
090 |a 72876 
100 |a 20050202d1983 km y0rusy50 ca 
101 0 |a rus 
102 |a BY 
105 |a a g 001zy 
200 1 |a Справочник по расчетам механизмов подъемно-транспортных машин  |f А. В. Кузьмин, Ф. Л. Марон 
205 |a 2-е изд., перераб. и доп. 
210 |a Минск  |c Вышэйшая школа  |d 1983 
215 |a 350.с. 
300 |a 1-й авт. 1-го изд.: Ф. Л. Марон 
320 |a Библиогр.: с. 347. 
320 |a Приложение: с. 344-347. 
610 1 |a подъемно-транспортное оборудование 
610 1 |a подъемно-транспортные машины 
610 1 |a грузоподъемные машины 
610 1 |a транспортирующие машины 
610 1 |a расчет 
610 1 |a конвейеры ленточные 
610 1 |a крутонаклонные конвейеры 
610 1 |a пластинчатые конвейеры 
610 1 |a скребковые конвейеры 
610 1 |a подвесные конвейеры 
610 1 |a тележечные конвейеры 
610 1 |a элеваторы 
610 1 |a винтовые конвейеры 
610 1 |a роликовые конвейеры 
610 1 |a качающиеся конвейеры 
610 1 |a справочники 
675 |a 621.86.06(035)  |v 3 
700 1 |a Кузьмин  |b А. В.  |g Артур Васильевич 
701 1 |a Марон  |b Ф. Л.  |g Фишель Липович 
801 1 |a RU  |b 63413507  |c 20050202  |g PSBO 
801 2 |a RU  |b 63413507  |c 20150907  |g PSBO 
942 |c BK